[Event "Jamshedpur Abled op 4th"]
[Site "Jamshedpur"]
[Date "2024.06.28"]
[Round "8"]
[White "Venkata, Krishna Karthik K"]
[Black "Samarth, J Rao"]
[Result "1-0"]
[WhiteElo "1889"]
[BlackElo "1770"]
[PlyCount "135"]
[EventDate "2024.06.25"]
[EventType "swiss"]
[EventRounds "9"]
[EventCountry "IND"]
[SourceTitle "EXT 2025"]
[Source "ChessBase"]
[SourceDate "2024.10.14"]
[SourceVersion "1"]
[SourceVersionDate "2024.10.14"]
[SourceQuality "1"]

1. e4 c5 2. Nc3 e6 3. Nge2 d5 4. exd5 exd5 5. d4 Nf6 6. Bg5 Be6 7. g3 Nc6 8. Bg2 cxd4 9. Nxd4 Bb4 10. 0-0 h6 11. Bf4 0-0 12. Nce2 Re8 13. c3 Bd6 14. Bxd6 Qxd6 15. Nf4 Rac8 16. Re1 Bg4 17. Qb3 Na5 18. Qb5 Rxe1+ 19. Rxe1 Rc5 20. Qd3 Nc4 21. Nxd5 Rxd5 22. Qxc4 Re5 23. Rxe5 Qxe5 24. Bxb7 Bh3 25. Qe2 Qg5 26. Qe1 h5 27. b3 Qa5 28. a4 h4 29. Bg2 Bxg2 30. Kxg2 Qd5+ 31. f3 Qg5 32. b4 g6 33. b5 Nd5 34. Nc6 Nf4+ 35. Kf1 Nd3 36. f4 Qc5 37. Qd2 Qc4 38. Kg1 h3 39. Nd4 Qd5 40. Qe2 Nc1 41. Qf1 Qe4 42. Qf2 Qd3 43. Qe1 Na2 44. Qe2 Qb1+ 45. Kf2 Nxc3 46. Qc2 Qh1 47. Qxc3 Qxh2+ 48. Ke3 Qxg3+ 49. Nf3 h2 50. Qc1 Qg2 51. Qc8+ Kh7 52. Ng5+ Qxg5 53. fxg5 h1Q 54. Qg4 Qc1+ 55. Kd3 Qa3+ 56. Ke2 Qb2+ 57. Ke3 Qc3+ 58. Kf2 Kg7 59. Qf4 Qc2+ 60. Kg3 Qb3+ 61. Kh4 Kh7 62. Qd4 Qf3 63. Qxa7 Qh5+ 64. Kg3 Qxg5+ 65. Kf2 Qh4+ 66. Ke2 Qe4+ 67. Kd2 Qd4+ 68. Qxd4 1-0

[Event "Jamshedpur Abled op 4th"]
[Site "Jamshedpur"]
[Date "2024.06.26"]
[Round "4"]
[White "Venkata, Krishna Karthik K"]
[Black "Vaibhav, Gautam"]
[Result "1-0"]
[WhiteElo "1889"]
[BlackElo "1640"]
[PlyCount "59"]
[EventDate "2024.06.25"]
[EventType "swiss"]
[EventRounds "9"]
[EventCountry "IND"]
[SourceTitle "EXT 2025"]
[Source "ChessBase"]
[SourceDate "2024.10.14"]
[SourceVersion "1"]
[SourceVersionDate "2024.10.14"]
[SourceQuality "1"]

1. e4 c5 2. Nc3 Nc6 3. g3 g6 4. Bg2 Bg7 5. d3 Nf6 6. f4 d6 7. h3 0-0 8. Nf3 Rb8 9. 0-0 Bd7 10. Be3 a6 11. Qd2 Ne8 12. Rab1 Nc7 13. Ne2 b5 14. f5 b4 15. Bh6 Nb5 16. Nh4 Ncd4 17. Bxg7 Nxe2+ 18. Qxe2 Kxg7 19. g4 Qb6 20. Qe3 Rfc8 21. fxg6 hxg6 22. Rxf7+ Kxf7 23. Qh6 c4+ 24. Kh1 Rg8 25. Qh7+ Rg7 26. Rf1+ Bf5 27. Qh6 Qd4 28. exf5 Kg8 29. Nxg6 Rb6 30. Qh8+ 1-0

[Event "IND-ch 59th"]
[Site "New Delhi"]
[Date "2023.01.02"]
[Round "12"]
[White "Suryansh, Verma"]
[Black "Venkata, Krishna Karthik K"]
[Result "1/2-1/2"]
[WhiteElo "1370"]
[BlackElo "1839"]
[PlyCount "134"]
[EventDate "2022.12.22"]
[EventType "swiss"]
[EventRounds "13"]
[EventCountry "IND"]
[SourceTitle "CBM 211 Extra"]
[Source "ChessBase"]
[SourceDate "2023.01.31"]
[SourceVersion "1"]
[SourceVersionDate "2023.01.31"]
[SourceQuality "1"]

1. e4 e5 2. Nf3 Nc6 3. Bb5 a6 4. Ba4 Nf6 5. 0-0 Be7 6. Re1 b5 7. Bb3 d6 8. c3 0-0 9. h3 Nb8 10. d4 Nbd7 11. Nbd2 Bb7 12. Bc2 Re8 13. Nf1 Bf8 14. Ng3 g6 15. a4 Bg7 16. d5 Qb8 17. Be3 c6 18. axb5 cxd5 19. bxa6 Rxa6 20. Rxa6 Bxa6 21. Bc1 dxe4 22. Nxe4 d5 23. Nxf6+ Nxf6 24. Ba4 Re7 25. b4 Ne4 26. Qxd5 Nxc3 27. Qc6 Ne2+ 28. Kh1 Re6 29. Qe4 Nxc1 30. Rxc1 Bb7 31. Bc6 Bxc6 32. Rxc6 Rxc6 33. Qxc6 Qxb4 34. Qe8+ Qf8 35. Qd7 f6 36. Nd2 Qf7 37. Qd8+ Bf8 38. Ne4 Kg7 39. Nc3 Qe7 40. Qd5 Qc7 41. Ne4 Be7 42. g4 Bb4 43. Kg2 Qe7 44. Ng3 Qf7 45. Qxf7+ Kxf7 46. h4 Ke6 47. h5 f5 48. hxg6 hxg6 49. gxf5+ gxf5 50. Kf3 Kf6 51. Ke2 Kg5 52. f3 Ba3 53. Kf2 Bc5+ 54. Ke2 Ba3 55. Kf2 Bc1 56. Ne2 Bd2 57. Ng3 Bc1 58. Ne2 Bb2 59. f4+ Kg4 60. fxe5 Bxe5 61. Nc1 Bd4+ 62. Kf1 Kf3 63. Nd3 Ke3 64. Nb4 Ke4 65. Nc6 Bf6 66. Nb4 Kd4 67. Ke2 Ke5 1/2-1/2

[Event "IND-ch 59th"]
[Site "New Delhi"]
[Date "2022.12.24"]
[Round "3"]
[White "Venkata, Krishna Karthik K"]
[Black "Saravana, Krishnan P"]
[Result "0-1"]
[WhiteElo "1839"]
[BlackElo "2244"]
[PlyCount "104"]
[EventDate "2022.12.22"]
[EventType "swiss"]
[EventRounds "13"]
[EventCountry "IND"]
[SourceTitle "CBM 211 Extra"]
[Source "ChessBase"]
[SourceDate "2023.01.31"]
[SourceVersion "1"]
[SourceVersionDate "2023.01.31"]
[SourceQuality "1"]

1. e4 c6 2. d4 d5 3. Nc3 dxe4 4. Nxe4 Nf6 5. Ng5 h6 6. N5f3 Bg4 7. h3 Bh5 8. Bd3 Bxf3 9. Nxf3 e6 10. Qe2 Nbd7 11. Bd2 Qc7 12. c4 Be7 13. Bc3 a5 14. 0-0 Bb4 15. Bxb4 axb4 16. Qd2 Qa5 17. a3 bxa3 18. Rxa3 Qxd2 19. Nxd2 Rxa3 20. bxa3 Kd8 21. Rb1 b6 22. a4 Kc7 23. Kf1 e5 24. dxe5 Nxe5 25. Bc2 Rd8 26. Ke2 c5 27. Rd1 Rd4 28. Bb3 Ne4 29. Nb1 Rxd1 30. Bxd1 Nxc4 31. f3 Ng3+ 32. Kf2 Nf5 33. Bb3 Ne5 34. Nd2 Nd3+ 35. Kf1 f6 36. Bc4 Nb2 37. Bb5 c4 38. Ne4 Ne3+ 39. Kf2 Nd5 40. Ke2 f5 41. Nd2 c3 42. Nb3 Nf4+ 43. Ke3 Nxg2+ 44. Kd4 Nd1 45. Kd3 Kd6 46. Nd4 Ke5 47. Nc2 Nf4+ 48. Kc4 Nxh3 49. Bc6 Kd6 50. Bb5 Nf4 51. Nd4 g6 52. Kb3 h5 0-1

[Event "Visakhapatnam Vizag op"]
[Site "Visakhapatnam"]
[Date "2022.06.12"]
[Round "3"]
[White "Venkata, Krishna Karthik K"]
[Black "Nikitenko, Mihail"]
[Result "0-1"]
[WhiteElo "1903"]
[BlackElo "2475"]
[PlyCount "70"]
[EventDate "2022.06.10"]
[EventType "swiss"]
[EventRounds "10"]
[EventCountry "IND"]
[SourceTitle "CBM 208 Extra"]
[Source "ChessBase"]
[SourceDate "2022.07.31"]
[SourceVersion "1"]
[SourceVersionDate "2022.07.31"]
[SourceQuality "1"]

1. e4 c6 2. d4 d5 3. e5 c5 4. dxc5 e6 5. Nf3 Bxc5 6. Bd3 Ne7 7. 0-0 Ng6 8. Nbd2 Nc6 9. Nb3 Bb6 10. Re1 0-0 11. Be3 Bc7 12. Bd4 Nxd4 13. Nbxd4 Nf4 14. Bf1 f6 15. g3 Ng6 16. exf6 Qxf6 17. Bg2 Bb6 18. c3 e5 19. Nc2 Bg4 20. Qxd5+ Kh8 21. Qxb7 Rab8 22. Qe4 Bxf3 23. Bxf3 Qxf3 24. Qxf3 Rxf3 25. Re2 Rbf8 26. Rf1 h5 27. Ne1 R3f6 28. Kg2 h4 29. Nd3 Rf5 30. f3 Rd8 31. Nf2 hxg3 32. hxg3 Rg5 33. Nh3 Nf4+ 34. Nxf4 exf4 35. g4 Be3 0-1

[Event "Online Olym Disabilities"]
[Site "Tornelo INT"]
[Date "2020.11.26"]
[Round "6.14"]
[White "Soltanov, Serik"]
[Black "Venkata, Krishna Karthik K"]
[Result "1/2-1/2"]
[WhiteElo "2266"]
[BlackElo "1903"]
[PlyCount "59"]
[EventDate "2020.11.21"]
[EventType "team-swiss (rapid)"]
[EventRounds "7"]
[EventCountry "NET"]
[SourceTitle "CBM 199 Extra"]
[Source "ChessBase"]
[SourceDate "2021.01.31"]
[SourceVersion "1"]
[SourceVersionDate "2021.01.31"]
[SourceQuality "1"]
[WhiteTeam "Kazakhstan"]
[BlackTeam "India II"]
[WhiteTeamCountry "KAZ"]
[BlackTeamCountry "IND"]

1. d4 d5 2. Nf3 Nf6 3. g3 g6 4. Bg2 Bg7 5. 0-0 0-0 6. Bf4 c6 7. c3 Qb6 8. Qb3 Bf5 9. Ne5 Nbd7 10. Nd2 Nxe5 11. Bxe5 Qxb3 12. axb3 Nd7 13. Bxg7 Kxg7 14. f4 f6 15. Rfe1 e5 16. e3 a6 17. Bf1 exf4 18. exf4 Rfe8 19. Kf2 Kf7 20. Rxe8 Rxe8 21. Re1 Rxe1 22. Kxe1 Nb6 23. Kf2 Nc8 24. Ke3 Nd6 25. h3 h5 26. h4 Bc2 27. Bh3 Bf5 28. Bf1 Bg4 29. Bd3 Bf5 30. Bf1 1/2-1/2

[Event "Commonwealth-ch"]
[Site "New Delhi"]
[Date "2018.06.27"]
[Round "2"]
[White "Ratnakaran, Kantoli"]
[Black "Venkata, Krishna Karthik K"]
[Result "1-0"]
[WhiteElo "2385"]
[BlackElo "2010"]
[PlyCount "74"]
[EventDate "2018.06.26"]
[EventType "swiss"]
[EventRounds "9"]
[EventCountry "IND"]
[SourceTitle "CBM 185 Extra"]
[Source "ChessBase"]
[SourceDate "2018.07.29"]
[SourceVersion "1"]
[SourceVersionDate "2018.07.29"]
[SourceQuality "1"]

1. e4 e5 2. Nf3 Nc6 3. Bb5 a6 4. Ba4 Nf6 5. Qe2 b5 6. Bb3 Bc5 7. c3 0-0 8. h3 d5 9. d3 dxe4 10. dxe4 h6 11. g4 Be6 12. g5 Bxb3 13. axb3 hxg5 14. Bxg5 Be7 15. Rg1 Nh5 16. Be3 Nf4 17. Bxf4 exf4 18. Nbd2 Bf6 19. 0-0-0 Qe7 20. Rg4 b4 21. c4 Rad8 22. Rdg1 Rfe8 23. Rxf4 Ne5 24. Kb1 Qd6 25. c5 Qe6 26. h4 Rd7 27. Nc4 Nd3 28. Rfg4 Nxc5 29. e5 Qf5+ 30. Ka2 Nxb3 31. Qe3 Rd3 32. Qh6 Nc1+ 33. Qxc1 b3+ 34. Ka1 Rxf3 35. Qh6 g6 36. exf6 Qxf6 37. Nd2 Rxf2 1-0

[Event "IPCA Wch 14th"]
[Site "Apatin"]
[Date "2014.09.23"]
[Round "9"]
[White "Venkata, Krishna Karthik K"]
[Black "Moskvin, Anatoly"]
[Result "1-0"]
[WhiteElo "1967"]
[BlackElo "1870"]
[PlyCount "93"]
[EventDate "2014.09.16"]
[EventType "swiss"]
[EventRounds "9"]
[EventCountry "SRB"]
[SourceTitle "CBM 162 Extra"]
[Source "ChessBase"]
[SourceDate "2014.10.17"]
[SourceVersion "1"]
[SourceVersionDate "2014.10.17"]
[SourceQuality "1"]

1. e4 e5 2. Nf3 Nc6 3. d4 exd4 4. Nxd4 Bb4+ 5. c3 Bc5 6. Be3 Bb6 7. Nd2 Nf6 8. Be2 d6 9. 0-0 0-0 10. f4 Re8 11. Bf3 Nxd4 12. Bxd4 Be6 13. Kh1 Rb8 14. Qc2 c5 15. Bg1 Bg4 16. Rae1 Bxf3 17. Nxf3 Qc7 18. e5 Nd7 19. Ng5 Nf8 20. Qf5 Re7 21. exd6 Qxd6 22. Ne4 Qc7 23. Nxc5 Bxc5 24. Bxc5 Rxe1 25. Rxe1 Ne6 26. Be3 Rd8 27. Qe4 b6 28. f5 Nf8 29. Bd4 Qd6 30. Qe5 Qxe5 31. Rxe5 f6 32. Re7 Rd7 33. Rxd7 Nxd7 34. g4 h5 35. h3 hxg4 36. hxg4 Kf7 37. Kg2 g6 38. Kf3 gxf5 39. gxf5 Ke7 40. Ke4 Kd6 41. b4 a6 42. c4 a5 43. a3 Kc6 44. Bc3 axb4 45. axb4 Kd6 46. Bb2 Kc6 47. Bd4 1-0

[Event "Commonwealth-ch"]
[Site "Glasgow"]
[Date "2014.07.06"]
[Round "7"]
[White "Venkata, Krishna Karthik K"]
[Black "Mitchell, Martin"]
[Result "1-0"]
[WhiteElo "1930"]
[BlackElo "2201"]
[PlyCount "111"]
[EventDate "2014.06.30"]
[EventType "swiss"]
[EventRounds "9"]
[EventCountry "SCO"]
[SourceTitle "CBM 161 Extra"]
[Source "ChessBase"]
[SourceDate "2014.08.29"]
[SourceVersion "1"]
[SourceVersionDate "2014.08.29"]
[SourceQuality "1"]

1. e4 d6 2. d4 Nf6 3. Nc3 g6 4. f3 c6 5. Be3 b5 6. Qd2 Nbd7 7. a3 Bb7 8. h4 Nb6 9. b3 Qc7 10. Nh3 a6 11. a4 Bg7 12. Bh6 Bxh6 13. Qxh6 c5 14. d5 c4 15. b4 Nxa4 16. Nxa4 bxa4 17. Rxa4 Bc8 18. b5 Bd7 19. Rxc4 Qa5+ 20. Qd2 Qa1+ 21. Qd1 axb5 22. Rd4 Qc3+ 23. Qd2 Ra1+ 24. Kf2 Qc5 25. Kg3 Ra2 26. Nf4 Rxc2 27. Qb4 0-0 28. Bd3 Rc3 29. Rd1 Ra8 30. Ne2 Ra4 31. Qxc5 Rxc5 32. Rb1 Ne8 33. Rxa4 bxa4 34. Nd4 Nc7 35. Rb7 Rc3 36. Bb1 a3 37. Nc6 Bxc6 38. Rxc7 Rc1 39. Ba2 Ra1 40. Bc4 Ba4 41. Ra7 Bd1 42. Rxe7 a2 43. e5 dxe5 44. d6 Ba4 45. Rxf7 Kh8 46. Ra7 Rd1 47. Bxa2 Bb5 48. Ra8+ Kg7 49. Rg8+ Kh6 50. Rd8 Rd2 51. Be6 Bf1 52. Bh3 Rd4 53. Kf2 Bb5 54. Ke3 Rxh4 55. Rb8 Ba4 56. d7 1-0

[Event "Commonwealth-ch"]
[Site "Glasgow"]
[Date "2014.07.04"]
[Round "5"]
[White "Venkata, Krishna Karthik K"]
[Black "Tan, Justin Hy"]
[Result "1/2-1/2"]
[WhiteElo "1930"]
[BlackElo "2375"]
[PlyCount "33"]
[EventDate "2014.06.30"]
[EventType "swiss"]
[EventRounds "9"]
[EventCountry "SCO"]
[SourceTitle "CBM 161 Extra"]
[Source "ChessBase"]
[SourceDate "2014.08.29"]
[SourceVersion "1"]
[SourceVersionDate "2014.08.29"]
[SourceQuality "1"]

1. e4 c5 2. Nc3 e6 3. g3 d5 4. exd5 exd5 5. Bg2 Nf6 6. Nge2 d4 7. Ne4 Nd5 8. d3 Be7 9. 0-0 0-0 10. Nf4 Nxf4 11. Bxf4 Nc6 12. Qh5 Qb6 13. Rae1 Nb4 14. Bd6 Bxd6 15. Nf6+ gxf6 16. Be4 f5 17. Qg5+ 1/2-1/2

[Event "Commonwealth-ch"]
[Site "Glasgow"]
[Date "2014.06.30"]
[Round "1"]
[White "Venkata, Krishna Karthik K"]
[Black "Dishan, Barua"]
[Result "1-0"]
[WhiteElo "1930"]
[BlackElo "1606"]
[PlyCount "53"]
[EventDate "2014.06.30"]
[EventType "swiss"]
[EventRounds "9"]
[EventCountry "SCO"]
[SourceTitle "CBM 161 Extra"]
[Source "ChessBase"]
[SourceDate "2014.08.29"]
[SourceVersion "1"]
[SourceVersionDate "2014.08.29"]
[SourceQuality "1"]

1. e4 d5 2. exd5 Qxd5 3. Nc3 Qd6 4. d4 Nf6 5. h3 g6 6. Nf3 Bg7 7. Bc4 a6 8. Ne5 0-0 9. Bf4 Nh5 10. Bh2 Qd8 11. 0-0 Nd7 12. Qe2 Nb6 13. Bb3 Qxd4 14. Rad1 Qh4 15. Nf3 Qf6 16. Bxc7 Qc6 17. Qxe7 Bxc3 18. bxc3 Nd7 19. Bd6 Nhf6 20. Ng5 Qxc3 21. Bxf7+ Kh8 22. Qe2 Kg7 23. Bxf8+ Nxf8 24. Qe7 Kh6 25. Qxf8+ Kxg5 26. Rd3 Qxc2 27. Rg3+ 1-0